00604nam a2200169 a 4500003000200000005001700002008004100019020001800060050002400078100001900102245007200121260005400193300001700247440003800264500012100302650001100423020170228145011.0010206s19uu xx 00 eng d a0-590-76496-9 aTR(GS 414bS36 1997 aDaniel, Claire aVowel diagraphs :bscholastic fun with phonics /cby Claire Daniel. aNew York :bScholastic Professional Books,c1997. a31 p. ; ill. aFun with Phonics, Bk.9-Grades 1-2 aInstant Activities, Games, Take-Home Book, Fun Skill Pages, and 32 Picture/Word Cards to Build Early Reading Skills. aVowels